الآلات في حياتنا : كيف تعمل : (Record no. 6113)
[ view plain ]
| 000 -الفاتح | |
|---|---|
| حقل البيانات ثابتة الطول | 01379nac a22001931u 4500 |
| 008 - عناصر البيانات ثابتة الطول - معلومات عامة | |
| حقل البيانات ثابتة الطول | 110111s1996 xxu||||| |||| 00| 0 ara d |
| 082 ## - رقم تصنيف ديوى العشرى | |
| رقم التصنيف | 621.803 |
| رقم المادة | ا ل ا |
| 110 #0 - المدخل الرئيسى - إسم هيئة | |
| اسم الهيئة أو اسم السلطة كمدخل | الجمعية الكويتية لتقدم الطفولة العربية |
| 9 (RLIN) | 21894 |
| 245 ## - بيان العنوان | |
| العنوان | الآلات في حياتنا : كيف تعمل : |
| بقية العنوان | موسوعة تقنية / |
| بيان المسئوليه,etc | الجمعية الكويتية لتقدم الطفولة العربية |
| 250 ## - بيان الطبعة | |
| بيان الطبعة | ط 2. |
| 260 ## - PUBLICATION, DISTRIBUTION, ETC. (IMPRINT) | |
| مكان الناشر او الموزع | الكويت : |
| اسم الناشر او الموزع | الجمعية ، 1996 |
| تاريخ النشر أو التوزيع | 1996. |
| 300 ## - الوصف المادى | |
| التعداد | 4 مج : |
| تفاصيل ماديه اخرى للوعاء | ايض لو ؛ |
| أبعاد الوعاء | 24 سم |
| 650 ## - المدخل الاضافى بالموضوع-مصطلح موضوعى | |
| مصطلح موضوعي أو اسم جغرافي كعنصر مدخل | الآلات |
| 9 (RLIN) | 21896 |
| التقسيم الفرعي الشكلي | دوائر معارف |
| 942 ## - عناصر المدخل الإضافي( كوها) | |
| Koha [default] item type | Book - Borrowing |
| سابقة رقم الطلب | 621.803 ا ل ا |
| مصدر التصنيف او مخطط الترفيف | Dewey Decimal Classification |
| حالة التراجع | حالة الفقد | مصدر التصنيف او خطة الترفيف | حالة تلف | ليس للاعارة | مجموعات كوها | المكان الدائم | المكان الحالي | موقع الترفيف | تاريخ الاكتساب | Source of acquisition | رقم الاستدعاء | الباركود | Date last seen | مُعار | نوع الوعاء | تبصرة عامة |
|---|---|---|---|---|---|---|---|---|---|---|---|---|---|---|---|---|
| Dewey Decimal Classification | Alef-Baa | Central Library | Central Library | First floor | 07/11/2013 | 621.803 ا ل ا | 000007739 | 15/07/2025 | 03/05/2010 | Book - Borrowing | مج1 | |||||
| Dewey Decimal Classification | Alef-Baa | Central Library | Central Library | First floor | 11/01/2011 | 621.803 ا ل ا | 000007738 | 15/07/2025 | Book - Borrowing | مج2 | ||||||
| Dewey Decimal Classification | Alef-Baa | Central Library | Central Library | First floor | 11/01/2011 | 621.803 ا ل ا | 000007737 | 15/07/2025 | Book - Borrowing | مج3 | ||||||
| Dewey Decimal Classification | Alef-Baa | Central Library | Central Library | First floor | 11/01/2011 | 621.803 ا ل ا | 000007736 | 15/07/2025 | Book - Borrowing | مج4 |